Normal view MARC view
  • Libedinsky, Marta

Entry Nombre Personal

Number of records used in: 6

001 - NUMERO DE CONTROL

  • campo de control: 41606

003 - IDENTIFICADOR DE NUMERO DE CONTROL

  • campo de control: DLC

005 - FECHA Y HORA DE LA ÜLTIMA TRANSACCIÓN

  • campo de control: 20220502113648.0

008 - DATOS DE LONGITUD FIJA

  • campo de control de longitud fija: 220502n| acannaabn |n aaa c

010 ## - NÚMERO DE CONTROL DE LA BIBLIOTECA DEL CONGRESO

  • Número de control LC: no2001055699

035 ## - NUMERO DE CONTROL

  • Número de control: (OCoLC)oca05535068

040 ## - FUENTE DE CATALOGACIÓN

  • Agencia original de catalogación: AgViUSA
  • Lenguaje de catalogación: spa
  • Agencia de transcripción: AgViUSA
  • Agencia que lo modifica: MX-MxUPN

100 1# - ENCABEZAMIENTO - NOMBRE PERSONAL

  • Nombre personal: Libedinsky, Marta

670 ## - FUENTE EN LA QUE SE LOCALIZARON DATOS

  • Cita de la fuente: La innovación en la enseñanza, 2001:
  • Información localizada: portada (Marta Libedinsky)

902 ## - CATALOGADOR

  • Catalogador: NDAF/220502